LEADER 01379nam a22004095i 4500 001 991002256529707536 007 cr nn 008mamaa 008 121227s1996 de | s |||| 0|eng d 020 $a9783540699972 035 $ab14145571-39ule_inst 040 $aBibl. Dip.le Aggr. Matematica e Fisica - Sez. Matematica$beng 082 04$a516.35$223 084 $aAMS 14J30 084 $aAMS 14K10 084 $aAMS 14K25 084 $aAMS 11F55 084 $aAMS 22E410 084 $aAMS 32M15 084 $aAMS 12E12 100 1 $aHunt, Bruce$061071 245 14$aThe geometry of some special arithmetic quotients$h[e-book] /$cby Bruce Hunt 260 $aBerlin :$bSpringer,$c1996 300 $a1 online resource (ccclii, 338 p.) 440 0$aLecture Notes in Mathematics,$x0075-8434 ;$v1637 650 0$aMathematics 650 0$aGeometry, algebraic 650 0$aTopological Groups 650 0$aGlobal analysis (Mathematics) 650 0$aGlobal differential geometry 650 0$aNumber theory 773 0 $aSpringer eBooks 856 40$uhttp://dx.doi.org/10.1007/BFb0094399$zAn electronic book accessible through the World Wide Web 907 $a.b14145571$b03-03-22$c05-09-13 912 $a991002256529707536 996 $aGeometry of some special arithmetic quotients$9261843 997 $aUNISALENTO 998 $ale013$b05-09-13$cm$d@ $e-$feng$gde $h4$i0 LEADER 02065nam 2200385 450 001 9910132619103321 005 20240206104254.0 010 $a1-4123-6353-5 024 7 $a10.1522/030084993 035 $a(CKB)3680000000165520 035 $a(NjHacI)993680000000165520 035 $a(EXLCZ)993680000000165520 100 $a20240206d2008 uy 0 101 0 $afre 135 $aur||||||||||| 181 $ctxt$2rdacontent 182 $cc$2rdamedia 183 $acr$2rdacarrier 200 10$aDe l'un au multiple et vice versa? $eessai sur le multipartisme au Se?ne?gal (1974-1996) /$fAntoine Tine 210 1$aChicoutimi :$cJ.-M. Tremblay,$d2008. 215 $a1 online resource (74 pages) 225 1 $aClassiques des sciences sociales ;$v3277 327 $aQuid ? -- I. Construction politico-constitutionnelle d'une de?mocratisation -- 1. De l'e?poque coloniale aux lendemains des inde?pendances. -- 2. De SENGHOR a? DIOUF ou les ruses d'un pluralisme unitaire. -- II. "La Geste" du multipartisme -- 1. De l'arithme?tique et de la logique du partisan -- 1 L'absence d'une strate?gie claire d'opposition -- 2 La querelle de leadership et de repre?sentativite? -- 2. La rue et les urnes : chroniques e?lectorales. -- 1 Les e?lections de 1978 (26 fe?vrier 1978) -- 2 Les e?lections de 1983 (27 fe?vrier 1983) -- 3 Les e?lections de 1988 (27 fe?vrier 1988) -- 4 Les e?lections de 1993 (fe?vrier 1993) -- 3. Difficile alternance -- 1 L'ini (e?)quite? du jeu e?lectoral -- 2 La non-visibilite? de projets alternatifs de socie?te? -- 3 Le de?ficit de citoyennete? -- Et alors ? -- Re?fe?rences bibliographiques 410 0$aClassiques des sciences sociales ;$v3277. 517 $aDe l'un au multiple et vice versa? 606 $aConstitutional law$zAfrica 615 0$aConstitutional law 676 $a342.6 700 $aTine$b Antoine$0875659 801 0$bNjHacI 801 1$bNjHacl 906 $aBOOK 912 $a9910132619103321 996 $aDe l'un au multiple et vice versa$93910549 997 $aUNINA